000 00487nam a2200181Ia 4500
001 11881
005 20260306162900.0
008 260306t2001||||xx |||||||||||||| ||spa||
041 _aESP
082 _aHR 985.32
_bNº 5 1998-2000 AAA
110 _aArchivo Arzobispal de Arequipa
245 0 _aRevista archivo Arzobispal de Arequipa:
_bNº 5 Años 1998 - 2000
260 _c2001
300 _a226 páginas :
_c20 cm.
650 _aGEN
654 _aCHU
942 _cREV
_dJUS
_fJUS
_2ddc
_n
999 _c11881
_d11881